Sơ đồ tư duy = The mind map book
Nội dung sách giới thiệu cho bạn một khái niệm mới để phát triển ý tưởng-tư duy mở rộng, một công cụ mới mang tính cách mạng, tư duy mở rộng trong tất cả mọi lĩnh vực trong cuộc sống, mang đến cho bạn cảm giác phấn khích và khám phá kh...
محفوظ في:
| المؤلف الرئيسي: | |
|---|---|
| التنسيق: | كتاب |
| اللغة: | Undetermined |
| منشور في: |
Thành phố Hồ Chí Minh
Nhà xuất bản Thành phố Hồ Chí Minh
2008
|
| الموضوعات: | |
| الوسوم: |
إضافة وسم
لا توجد وسوم, كن أول من يضع وسما على هذه التسجيلة!
|
| Thư viện lưu trữ: | Trung tâm Học liệu Trường Đại học Cần Thơ |
|---|
| LEADER | 01084nam a2200217Ia 4500 | ||
|---|---|---|---|
| 001 | CTU_140234 | ||
| 008 | 210402s9999 xx 000 0 und d | ||
| 020 | |c 92000 | ||
| 082 | |a 153.4 | ||
| 082 | |b B992 | ||
| 100 | |a Buzan, Tony | ||
| 245 | 0 | |a Sơ đồ tư duy = | |
| 245 | 4 | |b The mind map book | |
| 245 | 0 | |c Tony Buzan, Barry Buzan ; Lê Huy Lâm dịch | |
| 260 | |a Thành phố Hồ Chí Minh | ||
| 260 | |b Nhà xuất bản Thành phố Hồ Chí Minh | ||
| 260 | |c 2008 | ||
| 520 | |a Nội dung sách giới thiệu cho bạn một khái niệm mới để phát triển ý tưởng-tư duy mở rộng, một công cụ mới mang tính cách mạng, tư duy mở rộng trong tất cả mọi lĩnh vực trong cuộc sống, mang đến cho bạn cảm giác phấn khích và khám phá khi bạn thám hiểm vũ trụ mới mẻ này. | ||
| 650 | |a Thought and thinking,Suy nghĩ và tư duy | ||
| 904 | |i Tuyến | ||
| 980 | |a Trung tâm Học liệu Trường Đại học Cần Thơ | ||